000 01008nac a22003137a 4500
001 BR8901141
003 BR-BrBNA
005 20240105120921.0
008 230509b bl.|||m| |||| 00| 0 por d
040 _aBR-BrBNA
_bpor
_cBiblioteca Nacional de Agricultura
072 _aL02; L01
090 _a5213 BR8901141
100 1 _aCaggiano Filho, P.
100 1 _aChagas, E.C.
100 1 _aSalomoni, E.
100 1 _aDuca, L.O.
110 1 _aCentro Nacional de Pesquisa de Ovinos, Bage, RS (Brasil)
245 1 _aEfeito do periodo de utilizacao da pastagem cultivada na reducao da idade para abate em gado de corte
260 3 _aBage, RS (Brasil):
_c1988.
300 _a3 p.
490 _aPesquisa em Andamento - Centro Nacional de Pesquisa de Ovinos (Brazil)
_vno. 14
_xISSN 0101-9740
650 _aGADO DE CORTE
650 _aPASTAGEM CULTIVADA
650 _aGANHO DE PESO
650 _aABATE
650 _aBAGE
909 _a202312
_bLúcia Elande
_c55
_dLúcia Elande
942 _2AGRIS
_n0
_cMS
999 _c282168
_d282168